000 00492nam a2200109Ia 4500
008 160909s9999 xx 000 0 und d
100 _aBarrios, Michelle
245 _aComparing Emotional Intelligence Levels in Teachers of the Year in Elementary School, Middle School, and High School and How Their Emotional Intelligence Traits Are Exhibited in the Classroom
260 _bBrandman University.
_c2016
650 _aNursing
856 _uhttp://pqdtopen.proquest.com/doc/1793669105.html?FMT=ABS
999 _c303928
_d303928